| 000 | 00917nam a22002657a 4500 | ||
|---|---|---|---|
| 003 | BCEG | ||
| 005 | 20260409135713.0 | ||
| 008 | 260409s2024 mx a||||||||||||||||spa d | ||
| 020 | _a9786071685438 | ||
| 040 |
_aBCEG _bspa _cBCEG |
||
| 082 | 0 | 4 |
_aI863.64 _bA347l |
| 100 | 1 |
_aAlcántara, Mariana, _d1991-. |
|
| 245 | 1 | 3 | _aEl libro mentiroso. |
| 260 |
_aCiudad de México : _bFondo de Cultura Económica, _c2024. |
||
| 300 |
_a[32] p. : _bil. |
||
| 490 | _aLos Especiales de A la Orilla del Viento. | ||
| 500 | _aMás vale una mentira en mano, que ciento volando --En portada. | ||
| 500 | _aAdvertencia: contiene únicamente mentiras falsas y ninguna verdadera --En cubierta. | ||
| 535 | _aDisponible en la colección infantil de 4-6 años. | ||
| 541 | _aCompra. | ||
| 650 | 1 | 4 | _aCuentos infantiles mexicanos. |
| 700 |
_aRosa, Horacio de la, _edir. |
||
| 700 |
_aFigueroa León, Susana, _eed. |
||
| 942 | _cBK | ||
| 999 |
_c437176 _d437176 |
||